Real Housewives of SLC cast - Statistics

General Stats
  • This quiz has been taken 56 times
  • The average score is 8 of 10
Answer Stats
Hint Answer % Correct
S1-S5 Heather
98%
S1-S5 Meredith
98%
Friend of S2-S3 Angie H
95%
S1-S5 Lisa
95%
S1-S2, Friend of S4, S5 Mary
95%
S1-S3 Jen
93%
S4 Monica
79%
Friend of S3, S4-S5 Angie K
77%
S2 Jennie
63%
Friend of S3 Danna
30%
No matching quizzes found
Score Distribution
Percent of People with Each Score
Percentile by Number Answered
Your Score History
You have not taken this quiz